01734cam a2200373 a 4500952015400000999001700154001000900171003000900180005001700189008004100206010001700247020002400264020002100288025002700309037005300336040002800389042001500417043001200432050002400444082001600468245013700484260018400621300004900805500010200854504007100956651005001027651004801077651007301125700003801198700002401236710004301260906004501303942001201348 00102ddc40708NFICaASLbASLcGENd2021-02-11eASB Library CollectionshV-4l0o954.25 FREp105639r2021-02-11 00:00:00tC-1w2021-02-11yBKzRARE c21717d2171717331795BDDh-ASL20231015030031.0120605s1959 ii ab b 001 0 eng  a 2012335375 a9780198069713 (set) a0198069715 (set) aI-E-2012-335375; 61-31 bLibrary of Congress -- New Delhi Overseas Office aDLCcDLCdDLCdBDDh-ASL alcodeapcc aa-ii---00aDS485.U64bF72 2011 a954.25bFRE00aFreedom struggle in Uttar Pradesh, Volume -4: bEastern and Adjoining Districts 1857-59 /cedited by S.A.A. Rizvi and M.L. Bhargava. aNew Delhi :aUttar Pradesh:bOxford University Press in arrangement with Indian Council of Historical Research,bPublication Bureau, Information Department, Uttar Pradesh, c1959. av-3, 958 p. :bill., maps (folded) ;c24 cm. a"First published 1957 by Publications Bureau, Information Department, Uttar Pradesh"--T.p. verso. aIncludes bibliographical references (v. 2, p. 83-664) and indexes. 0aUttar Pradesh (India)xHistoryy19th century. 0aIndiaxHistoryySepoy Rebellion, 1857-1858. 0aUttar Pradesh (India)xHistoryxAutonomy and independence movements.1 aRizvi, Saiyid Athar Abbas,d1921-1 aBhargava, Moti Lal.2 aIndian Council of Historical Research. a7bcbccorigoded3encipf20gy-gencatlg 2ddccBK